[Event "London Classic Open 2017"]
[Site "London ENG"]
[Date "2017.12.07"]
[Round "7.79"]
[White "Jain, Gautam"]
[Black "Rocco, Federico"]
[Result "0-1"]
[WhiteElo "1804"]
[BlackElo "2120"]
[WhiteFideId "425311"]
[BlackFideId "431362"]
[EventDate "2017.12.02"]

1. e4 c5 2. Nc3 Nc6 3. f4 g6 4. Nf3 Bg7 5. Bc4 e6 6. O-O Nge7 7. Qe1 O-O 8. d3
d5 9. Bb3 b6 10. Qh4 Nd4 11. f5 exf5 12. Nxd5 Nxd5 13. Qxd8 Rxd8 14. Bxd5 Rxd5
15. exd5 Nxc2 16. Rb1 Ba6 17. Bg5 Bxd3 18. Rfd1 Nb4 19. a3 Bxb1 20. axb4 Be4 21.
bxc5 bxc5 22. Be7 Bf8 23. d6 Kg7 24. Bh4 f6 25. Bf2 Rc8 26. Nd2 Kf7 27. Nc4 Ke6
28. Bg3 g5 29. Be1 Bd5 30. Ne3 Bb3 31. d7 Rd8 32. Ba5 Rxd7 33. Rxd7 Kxd7 34.
Nxf5 Be6 35. g4 h5 36. h3 Bxf5 37. gxf5 Bd6 38. b3 Kc6 39. Kf2 Be5 40. Kf3 c4
41. bxc4 Kc5 42. Ke4 Kxc4 43. Bd8 g4 44. hxg4 hxg4 45. Ba5 g3 46. Kf3 Kb5 0-1

[Event "London Classic Open 2017"]
[Site "London ENG"]
[Date "2017.12.07"]
[Round "7.80"]
[White "Osborne, Marcus E"]
[Black "Stoyanov, Viktor"]
[Result "1/2-1/2"]
[WhiteElo "2175"]
[BlackElo "1950"]
[WhiteFideId "404608"]
[BlackFideId "450308"]
[EventDate "2017.12.02"]

1. Nf3 Nf6 2. b3 g6 3. Bb2 Bg7 4. e3 O-O 5. Be2 d6 6. O-O Nbd7 7. c4 c5 8. Nc3
a6 9. d4 Qc7 10. Rc1 b6 11. Qc2 cxd4 12. exd4 Bb7 13. d5 Rac8 14. a4 Nh5 15. Qd2
Nc5 16. Bd1 e5 17. Ne1 Nf6 18. b4 Nce4 19. Nxe4 Nxe4 20. Qe2 f5 21. Bb3 a5 22.
f3 Nf6 23. c5 bxc5 24. bxc5 Bxd5 25. Bxd5+ Nxd5 26. Qd2 Nb4 27. cxd6 Qb6+ 28.
Kh1 Rxc1 29. Bxc1 Rd8 30. Ba3 Qxd6 31. Qxd6 Rxd6 32. Nc2 Rd3 33. Bxb4 axb4 34.
Nxb4 Ra3 35. Rc1 h5 36. Nd5 Rxa4 37. h3 Rd4 38. Ne7+ Kh7 39. Rc6 Bf8 40. Re6
Bxe7 41. Rxe7+ 1/2-1/2

[Event "London Classic Open 2017"]
[Site "London ENG"]
[Date "2017.12.07"]
[Round "7.81"]
[White "Nelson, Omowale"]
[Black "Navrotescu, Andreea-Cristiana"]
[Result "1-0"]
[BlackTitle "WIM"]
[WhiteElo "1949"]
[BlackElo "2193"]
[WhiteFideId "7400209"]
[BlackFideId "675946"]
[EventDate "2017.12.02"]

1. d4 Nf6 2. c4 g6 3. Nc3 d5 4. Nf3 Bg7 5. Qb3 dxc4 6. Qxc4 O-O 7. e4 c6 8. Be2
Nfd7 9. Bg5 Qe8 10. O-O e5 11. d5 Nb6 12. Qd3 f5 13. d6 h6 14. Be7 Rf7 15. Nh4
fxe4 16. Nxe4 g5 17. Ng6 Bf5 18. Bh5 N8d7 19. g4 Nc5 20. Qc2 Bxe4 21. Qxc5 Nd7
22. Qe3 Bd5 23. f3 Qc8 24. h4 c5 25. Kh2 Qc6 26. hxg5 hxg5 27. Qxg5 Bxf3 28. Nh4
Rf4 29. Nf5 Rxf5 30. Qxf5 Bd5 31. Bf7+ Bxf7 32. Qxf7+ Kh8 33. Rf5 1-0

[Event "London Classic Open 2017"]
[Site "London ENG"]
[Date "2017.12.07"]
[Round "7.82"]
[White "McKerracher, Douglas"]
[Black "De Abreu, Roberto N"]
[Result "1-0"]
[BlackTitle "FM"]
[WhiteElo "1915"]
[BlackElo "2110"]
[WhiteFideId "2401002"]
[BlackFideId "14307472"]
[EventDate "2017.12.02"]

1. e4 e6 2. d3 d5 3. Nd2 Nf6 4. Ngf3 Nc6 5. e5 Nd7 6. d4 f6 7. Bb5 fxe5 8. dxe5
Be7 9. O-O O-O 10. Re1 Bc5 11. Bxc6 bxc6 12. Nb3 Bb6 13. Bg5 Qe8 14. Bh4 Nc5 15.
Nxc5 Bxc5 16. Qd3 Rb8 17. Rab1 Qh5 18. Bg3 Rb6 19. a3 Ba6 20. Qc3 Be7 21. b4
Rfb8 22. Rbd1 c5 23. bxc5 Rc6 24. Rb1 Rxb1 25. Rxb1 Rxc5 26. Rb8+ Kf7 27. Qd2
Rc4 28. h3 Ra4 29. Nd4 g5 30. Qc3 Qd1+ 31. Kh2 Qxd4 32. Qc6 Qc5 33. Qxa4 Bf1 34.
Qe8+ Kg7 35. Qg8+ Kh6 36. Qxe6+ 1-0

[Event "London Classic Open 2017"]
[Site "London ENG"]
[Date "2017.12.07"]
[Round "7.83"]
[White "Coote, Trevor D"]
[Black "Khalifa, Ramy"]
[Result "1-0"]
[WhiteElo "2104"]
[BlackElo "1939"]
[WhiteFideId "410039"]
[BlackFideId "10626840"]
[EventDate "2017.12.02"]

1. d4 Nf6 2. c4 g6 3. Nc3 Bg7 4. e4 d6 5. Nf3 O-O 6. h3 e5 7. dxe5 dxe5 8. Qxd8
Rxd8 9. Bg5 c6 10. Nxe5 Re8 11. O-O-O Na6 12. Nf3 h6 13. Be3 g5 14. g4 Nxe4 15.
Nxe4 Rxe4 16. Rd8+ Bf8 17. Bd3 Re7 18. Bf5 Bxf5 19. Rxa8 Be4 20. Rd1 c5 21. Nxg5
hxg5 22. Rdd8 f6 23. Rxf8+ Kg7 24. Rfe8 Kf7 25. Rxe7+ Kxe7 26. f4 1-0

[Event "London Classic Open 2017"]
[Site "London ENG"]
[Date "2017.12.07"]
[Round "7.84"]
[White "Phillips, Owen S"]
[Black "Russell, Christopher"]
[Result "0-1"]
[WhiteElo "1912"]
[BlackElo "2103"]
[WhiteFideId "417882"]
[BlackFideId "413569"]
[EventDate "2017.12.02"]

1. e4 e6 2. d4 d5 3. exd5 exd5 4. Bd3 Nc6 5. c3 Bd6 6. Ne2 Nf6 7. Bf4 O-O 8. O-O
Re8 9. Bxd6 Qxd6 10. Ng3 Ne7 11. Re1 Bd7 12. Na3 Ng6 13. Qc2 c6 14. Bf5 Bxf5 15.
Qxf5 Re6 16. Rxe6 Qxe6 17. Qxe6 fxe6 18. Re1 Re8 19. f3 e5 20. dxe5 Nxe5 21. Rd1
g6 22. h3 h5 23. Kf2 Kf7 24. b3 g5 25. Nf5 Kg6 26. Nd4 g4 27. Ne2 Rf8 28. Kg3
h4+ 29. Kf4 gxf3 30. Kxe5 Re8+ 31. Kf4 Rxe2 32. gxf3 Rxa2 33. Rg1+ Kf7 34. Nb1
Rh2 35. c4 Rxh3 36. cxd5 Nxd5+ 37. Kg4 Rh2 38. Na3 Rb2 39. Rb1 Rf2 40. Nc4 Ke6
41. Kxh4 Rxf3 42. Kg4 Rf4+ 43. Kg3 Rd4 44. Re1+ Kd7 45. Ne5+ Kd6 46. Nf7+ Kc5
47. Rc1+ Kb6 48. Ne5 Rb4 49. Nd7+ Kc7 50. Nc5 Kd6 51. Kf3 b6 52. Ne4+ Kc7 53.
Nd2 b5 54. Ke2 a5 55. Kd3 Kb6 56. Kc2 Rd4 57. Kd1 c5 58. Ke2 Nf4+ 59. Kd1 a4 60.
bxa4 Rxa4 61. Rb1 Nd5 62. Ke1 c4 63. Rd1 Ne3 64. Rc1 Kc5 65. Ke2 Nd5 66. Ne4+
Kd4 67. Nd6 Nc3+ 68. Kf3 b4 69. Nf5+ Kd3 70. Re1 Kd2 71. Rg1 b3 72. Ne3 Kd3 73.
Rg8 Nb5 74. Rd8+ Nd4+ 75. Kf4 c3 0-1

[Event "London Classic Open 2017"]
[Site "London ENG"]
[Date "2017.12.07"]
[Round "7.85"]
[White "Coleman, David J"]
[Black "Iraqui, Youssef"]
[Result "1/2-1/2"]
[WhiteTitle "CM"]
[WhiteElo "2076"]
[BlackElo "1932"]
[WhiteFideId "402087"]
[BlackFideId "9000666"]
[EventDate "2017.12.02"]

1. e4 Nc6 2. d4 d5 3. e5 Bf5 4. Nf3 e6 5. Be2 Nb4 6. Na3 c5 7. c3 Nc6 8. O-O Qd7
9. dxc5 Bxc5 10. b4 Be7 11. Nb5 f6 12. Bf4 Rc8 13. Nbd4 Bg4 14. Nxc6 bxc6 15. a4
Bxf3 16. Bxf3 fxe5 17. Bxe5 Nf6 18. Qe2 O-O 19. Rfe1 Rce8 20. Qa6 Bd8 21. Re2
Bc7 22. Rae1 Bxe5 23. Rxe5 Qd6 24. Qxa7 Nd7 25. R5e2 e5 26. Qe3 e4 27. Bg4 Ne5
28. Qg3 Qf6 29. Rf1 Nxg4 30. Qxg4 Qxc3 31. b5 cxb5 32. axb5 Qc5 33. Rb1 Rf6 34.
Qd7 Ref8 35. Rd2 Rxf2 36. Qxd5+ Qxd5 37. Rxd5 e3 38. Rdd1 1/2-1/2

[Event "London Classic Open 2017"]
[Site "London ENG"]
[Date "2017.12.07"]
[Round "7.86"]
[White "Tobianski, Fabian"]
[Black "Fink-Nunn, Petra"]
[Result "1/2-1/2"]
[BlackTitle "WFM"]
[WhiteElo "1909"]
[BlackElo "2071"]
[WhiteFideId "12952001"]
[BlackFideId "405809"]
[EventDate "2017.12.02"]

1. c4 Nf6 2. g3 e6 3. Bg2 d5 4. Nf3 Be7 5. O-O O-O 6. b3 d4 7. d3 c5 8. e3 Nc6
9. exd4 cxd4 10. Re1 Bb4 11. Re2 Bd6 12. Ba3 a5 13. Bxd6 Qxd6 14. a3 e5 15. Nbd2
Bg4 16. h3 Bf5 17. Ne1 Rac8 18. Kh2 b6 19. Ne4 Nxe4 20. dxe4 Be6 21. Nd3 a4 22.
f4 f6 23. f5 Bf7 24. b4 Bxc4 25. Qxa4 Bxd3 26. Qb3+ Kh8 27. Qxd3 Ne7 28. Rd2 Qc6
29. Raa2 Qc3 30. Qa6 Qe3 31. Re2 Qc3 32. Red2 Rc6 33. Qb7 Nc8 34. Bf1 Nd6 35.
Qe7 Rfc8 36. b5 Nxe4 37. bxc6 Nxd2 38. Rxd2 Qxd2+ 39. Bg2 Qa2 40. c7 h6 41. Qd7
Qg8 42. Bb7 Qa2+ 43. Bg2 Qg8 44. Bb7 Qa2+ 1/2-1/2

[Event "London Classic Open 2017"]
[Site "London ENG"]
[Date "2017.12.07"]
[Round "7.87"]
[White "Rizzoli, Aluna"]
[Black "Kalaiyalahan, Akshaya"]
[Result "1/2-1/2"]
[BlackTitle "FM"]
[WhiteElo "1899"]
[BlackElo "2067"]
[WhiteFideId "843881"]
[BlackFideId "422894"]
[EventDate "2017.12.02"]

1. d4 Nf6 2. Bg5 Ne4 3. Bf4 d5 4. e3 c5 5. Bd3 e6 6. Nd2 Nxd2 7. Qxd2 c4 8. Be2
Nc6 9. Nf3 Bd6 10. O-O Bxf4 11. exf4 Rb8 12. Ne5 Bd7 13. b3 b5 14. b4 O-O 15. c3
a5 16. a3 Qc7 17. Rfe1 Ra8 18. g3 Ne7 19. Bf3 Ra7 20. Ra2 Rfa8 21. Rb2 Be8 22.
Bg4 Ra6 23. h4 Qa7 24. Bh3 axb4 25. axb4 f6 26. Nf3 Bf7 27. Kh2 Qc7 28. Qc1 h6
29. Rbe2 f5 30. Bg2 Nc6 31. Ne5 Nxe5 32. Rxe5 Rd8 33. Bf3 Rdd6 34. Qe3 Qd8 35.
Kh3 Qf6 36. h5 g5 37. hxg6 Bxg6 38. Kg2 Kg7 39. Rh1 Ra8 40. Qe1 Bh7 41. Qd2 Rda6
42. Ree1 Ra2 43. Qe3 Bg8 44. Rh4 Bf7 45. Reh1 Rh8 46. Qe1 Ra3 47. Qc1 Ra2 48.
Qb1 Ra3 49. Qb2 Rha8 50. Qc1 Ra2 51. g4 fxg4 52. Bxg4 Qg6 53. Qe3 h5 54. Qe5+
Kf8 55. Qxh5 Rxf2+ 56. Kxf2 Qc2+ 57. Be2 Bxh5 58. Rxh5 Ke7 59. R1h3 Ra3 60. Re5
Rxc3 61. Rh6 Qd2 62. Rhxe6+ 1/2-1/2

[Event "London Classic Open 2017"]
[Site "London ENG"]
[Date "2017.12.07"]
[Round "7.88"]
[White "Marentini, Marcel"]
[Black "Damianou, Ioannis"]
[Result "1-0"]
[WhiteElo "2055"]
[BlackElo "1907"]
[WhiteFideId "1318730"]
[BlackFideId "5902355"]
[EventDate "2017.12.02"]

1. Nf3 Nf6 2. c4 g6 3. Nc3 Bg7 4. e4 d6 5. d4 O-O 6. h3 e5 7. d5 a5 8. g4 Na6 9.
Be3 b6 10. Nd2 Bd7 11. Be2 Ne8 12. h4 f5 13. f3 Nc5 14. Nb3 Nf6 15. Nxc5 bxc5
16. h5 Qc8 17. h6 Bh8 18. gxf5 gxf5 19. Qc2 f4 20. Bf2 Kf7 21. O-O-O Rg8 22. Nb5
Rg6 23. Rh2 Ng8 24. Rdh1 Bf6 25. Bf1 Bg5 26. Be1 Rxh6 27. Rxh6 Nxh6 28. Qh2 Kg7
29. Qh5 Qd8 30. Nxc7 Ra7 31. Ne6+ Bxe6 32. dxe6 Kh8 33. Bc3 Rg7 34. Bh3 Ng8 35.
Bf5 Nf6 36. Qh2 Qb6 37. Qd2 Qa6 38. Kb1 Qxc4 39. Qxd6 Rb7 40. Qf8+ Ng8 41. Bxe5+ 1-0

[Event "London Classic Open 2017"]
[Site "London ENG"]
[Date "2017.12.07"]
[Round "7.89"]
[White "Nettleton, Charlie B"]
[Black "Foster, Timothy"]
[Result "1-0"]
[WhiteElo "2047"]
[BlackElo "1893"]
[WhiteFideId "419710"]
[BlackFideId "423769"]
[EventDate "2017.12.02"]

1. Nf3 Nf6 2. g3 g6 3. b4 Bg7 4. Bb2 O-O 5. Bg2 d6 6. c4 a5 7. a3 axb4 8. axb4
Rxa1 9. Bxa1 e5 10. d3 b6 11. Nfd2 Bf5 12. Na3 Qe7 13. Qb3 Be6 14. Bc3 Ne8 15.
Qb2 f5 16. O-O Nf6 17. c5 Nd5 18. cxd6 cxd6 19. Nac4 Nxc3 20. Qxc3 Rc8 21. Qa3
b5 22. Ne3 f4 23. Nd5 Qf7 24. Nb6 Rc2 25. Ne4 Qe7 26. Rc1 Rxc1+ 27. Qxc1 Qd8 28.
Na8 Bd5 29. Nf6+ Bxf6 30. Bxd5+ Kh8 31. gxf4 exf4 32. Qxf4 Be5 33. Qg4 Nd7 34.
Bc6 Nf8 35. d4 h5 36. Qe4 Qg5+ 37. Kh1 Qc1+ 38. Kg2 Qg5+ 39. Kh1 Qc1+ 40. Kg2
Qg5+ 41. Kf3 Bxh2 42. Nc7 Bg1 43. e3 h4 44. Ke2 Qf6 45. Qg2 Qf5 46. Be4 Qf7 47.
Nd5 Qe6 48. Kd3 Bxf2 49. Qxf2 h3 50. Qxf8+ Qg8 51. Qxg8+ Kxg8 52. Ne7+ Kf7 53.
Nxg6 d5 54. Ne5+ Ke6 55. Bf3 1-0

[Event "London Classic Open 2017"]
[Site "London ENG"]
[Date "2017.12.07"]
[Round "7.90"]
[White "Neatherway, A Philip"]
[Black "Prior, Stephen C V"]
[Result "0-1"]
[WhiteElo "1806"]
[BlackElo "2037"]
[WhiteFideId "418854"]
[BlackFideId "423378"]
[EventDate "2017.12.02"]

1. e4 c6 2. d4 g6 3. Nc3 Bg7 4. Be3 d5 5. Qd2 h5 6. Bd3 Nh6 7. Nge2 Ng4 8. exd5
Nxe3 9. Qxe3 cxd5 10. O-O Nc6 11. Rfe1 O-O 12. Rad1 e5 13. Na4 Qa5 14. dxe5 Qxa4
15. f4 Re8 16. Qg3 Ne7 17. Nc3 Qa5 18. Bb5 Nf5 19. Qg5 Qb6+ 20. Kh1 Bh6 21. Bxe8
Bxg5 22. Nxd5 Qf2 23. fxg5 Be6 24. Nf6+ Kf8 25. Bb5 Ne3 26. Re2 Nxd1 27. Rxf2
Nxf2+ 0-1

[Event "London Classic Open 2017"]
[Site "London ENG"]
[Date "2017.12.07"]
[Round "7.91"]
[White "Kim, Changhoon"]
[Black "Gudenas, Motiejus"]
[Result "0-1"]
[WhiteTitle "CM"]
[WhiteElo "1859"]
[BlackElo "2023"]
[WhiteFideId "34117234"]
[BlackFideId "2405229"]
[EventDate "2017.12.02"]

1. d4 Nf6 2. c4 c5 3. d5 b5 4. Qc2 bxc4 5. e4 d6 6. Bxc4 g6 7. Nf3 Nbd7 8. h3
Bg7 9. O-O O-O 10. Re1 Qc7 11. Nc3 a6 12. Bf4 Nb6 13. Bf1 Nfd7 14. Rad1 Rb8 15.
Qe2 f6 16. Qd2 Ne5 17. Nxe5 fxe5 18. Be3 Na8 19. Qc2 Qa5 20. b3 Bd7 21. Bd2 Qb6
22. Be3 Nc7 23. Rb1 Qb7 24. Be2 Nb5 25. Nxb5 axb5 26. Bg5 Bf6 27. Qd2 Ra8 28.
Rb2 Ra3 29. Bh6 Rfa8 30. Bd3 e6 31. Bg5 Bg7 32. dxe6 Bxe6 33. Bb1 Qc7 34. Rd1
Bf8 35. f4 c4 36. f5 c3 37. Rc2 Qa7+ 38. Qf2 gxf5 39. Qxa7 R3xa7 40. Rxc3 fxe4
41. Bxe4 Rc8 42. Rxc8 Bxc8 43. Bd5+ Kg7 44. Rc1 Bf5 45. b4 Be7 46. Be3 Ra4 47.
Rc7 Kf6 48. h4 h6 49. Bd2 Be6 50. Bc6 Bf8 51. Bxb5 Rxa2 52. Bc3 d5 53. Be1 Rb2
54. h5 Bxb4 55. Bh4+ Kf5 56. Be8 e4 57. Bg6+ Kg4 58. Bf6 Re2 59. Rc1 Bd2 60. Rd1
Kg3 61. Be5+ Bf4 62. Bxf4+ Kxf4 63. Kh2 Ke3 64. Ra1 d4 65. Kg3 d3 66. Ra4 Bd5
67. Ra3 Ra2 68. Rc3 Kd4 69. Rc1 d2 70. Rd1 Bb3 0-1

[Event "London Classic Open 2017"]
[Site "London ENG"]
[Date "2017.12.07"]
[Round "7.92"]
[White "Pollack, Oscar"]
[Black "Mulay, Partha"]
[Result "1-0"]
[WhiteElo "2014"]
[BlackElo "1892"]
[WhiteFideId "429414"]
[BlackFideId "436038"]
[EventDate "2017.12.02"]

1. e4 e6 2. d4 d5 3. Nc3 Nf6 4. e5 Nfd7 5. f4 c5 6. Nf3 Nc6 7. Be3 a6 8. Qd2 b5
9. dxc5 Bxc5 10. Bd3 Qb6 11. Bf2 Bxf2+ 12. Qxf2 Nc5 13. O-O-O b4 14. Ne2 a5 15.
Kb1 Ba6 16. Bxa6 Rxa6 17. Qg3 O-O 18. f5 Ne4 19. Qh4 exf5 20. Nf4 Qd8 21. Qh5
Ne7 22. Qh4 Rh6 23. Qe1 g5 24. Ne2 f4 25. g3 Ng6 26. gxf4 gxf4 27. Rg1 Qb6 28.
Rg2 Qe3 29. Qf1 Rh3 30. Neg1 Rh5 31. Re1 Qb6 32. Ne2 Kh8 33. Rd1 Qe6 34. Qg1 Rc8
35. Ned4 Qh3 36. Ng5 Nxg5 37. Rxg5 Qh4 38. Rxh5 Qxh5 39. Re1 Nxe5 40. Qg2 Ng6
41. Qf2 Qg5 42. Qf3 Rg8 43. Qh3 Qh4 44. Qf1 Qg4 45. Qf2 h6 46. Rg1 Qh5 47. Re1
Qh3 48. Nf3 Qf5 49. Qd4+ Kh7 50. Qd2 Rc8 51. Nd4 Ne5 52. Nxf5 1-0

[Event "London Classic Open 2017"]
[Site "London ENG"]
[Date "2017.12.07"]
[Round "7.93"]
[White "Sielicki, Tomasz"]
[Black "Cole, James"]
[Result "1/2-1/2"]
[WhiteElo "2001"]
[BlackElo "1886"]
[WhiteFideId "1111400"]
[BlackFideId "431818"]
[EventDate "2017.12.02"]

1. d4 Nf6 2. Bf4 g6 3. Nc3 d5 4. e3 Bg7 5. h4 O-O 6. h5 c5 7. hxg6 fxg6 8. Nb5
Na6 9. c3 Bd7 10. a4 Bc6 11. Nf3 Nd7 12. Ng5 e5 13. dxe5 Rxf4 14. exf4 Nxe5 15.
Qd2 h6 16. fxe5 hxg5 17. Bd3 Be8 18. f4 gxf4 19. Qxf4 Qe7 20. O-O-O Qxe5 21. Qh4
Qh5 22. Qxh5 gxh5 23. Be2 d4 24. Bxh5 Bxb5 25. axb5 Nc7 26. Rdf1 Bh6+ 27. Kc2
Rd8 28. Rd1 Nd5 29. Kb1 dxc3 30. Bg6 Bd2 31. Bh7+ Kg7 32. Bc2 Ne3 33. Rh7+ Kf6
34. Rdh1 cxb2 35. Kxb2 Nc4+ 36. Kb3 Na5+ 37. Ka3 a6 38. bxa6 bxa6 39. Rf1+ Ke6
40. Bf5+ Ke5 41. Re7+ Kd4 42. Re4+ Kd5 43. Ka4 Nc4 44. Re2 Rd6 45. g4 1/2-1/2

[Event "London Classic Open 2017"]
[Site "London ENG"]
[Date "2017.12.07"]
[Round "7.95"]
[White "Skutta, Bernd"]
[Black "Siddharth, Sabharishankar"]
[Result "0-1"]
[WhiteElo "1988"]
[BlackElo "1837"]
[WhiteFideId "4666950"]
[BlackFideId "25068563"]
[EventDate "2017.12.02"]

1. d4 d5 2. Nf3 Nf6 3. g3 e6 4. Bg2 Be7 5. c4 O-O 6. O-O dxc4 7. Ne5 Nc6 8. Nxc6
bxc6 9. e3 Nd5 10. Qa4 Nb6 11. Qa5 Rb8 12. Bd2 Nd5 13. Na3 Rb6 14. Qa4 c3 15.
Bxd5 Ra6 16. Qc2 cxb2 17. Rad1 cxd5 18. Nb1 Rxa2 19. Nc3 Ra6 20. Qxb2 Rb6 21.
Qa1 Ra6 22. Qb2 c5 23. Ra1 Qb6 24. Qxb6 axb6 25. Rxa6 Bxa6 26. Ra1 Ra8 27. Rb1
Bf6 28. Nb5 Bxb5 29. Rxb5 cxd4 30. exd4 Bxd4 31. Be3 Bxe3 32. fxe3 Rb8 33. Kf2
Kf8 34. Kf3 Ke7 35. e4 dxe4+ 36. Kxe4 Kd6 0-1

[Event "London Classic Open 2017"]
[Site "London ENG"]
[Date "2017.12.07"]
[Round "7.96"]
[White "Chatterjee, Sagnik"]
[Black "Boger, Raymond"]
[Result "0-1"]
[WhiteElo "1336"]
[BlackElo "1986"]
[WhiteFideId "64300455"]
[BlackFideId "1507419"]
[EventDate "2017.12.02"]

1. c4 e5 2. Nc3 Nc6 3. Nf3 g6 4. d4 Bg7 5. d5 Nce7 6. d6 cxd6 7. Qxd6 Nf5 8. Qd5
Nge7 9. Qd3 O-O 10. e4 Nd4 11. Nxd4 exd4 12. Nb5 Nc6 13. Bf4 f5 14. exf5 Rxf5
15. Bg3 Nb4 16. Qb3 Qa5 17. Kd1 Be5 18. c5+ d5 19. cxd6+ Kg7 20. Bxe5+ Rxe5 21.
Bc4 Bg4+ 22. f3 Re3 23. Qxe3 dxe3 24. fxg4 Nd5 25. Kc2 Rc8 26. Na3 b5 27. d7 Rf8
28. Bxd5 Qd2+ 29. Kb3 Qxd5+ 30. Kc3 Qxd7 31. Rhe1 a5 32. Rad1 Rc8+ 33. Kb3 Qe6+ 0-1

[Event "London Classic Open 2017"]
[Site "London ENG"]
[Date "2017.12.07"]
[Round "7.97"]
[White "Burke, John S"]
[Black "Espinosa Cancino, Monica"]
[Result "1-0"]
[WhiteElo "1978"]
[BlackElo "1721"]
[WhiteFideId "404322"]
[BlackFideId "22253025"]
[EventDate "2017.12.02"]

1. d4 d5 2. Bf4 e6 3. e3 c6 4. Nd2 Nf6 5. Bd3 Be7 6. Ngf3 O-O 7. Ne5 Nbd7 8. O-O
c5 9. c3 Nb6 10. Qe2 Bd7 11. Qf3 Rc8 12. Qh3 g6 13. g4 Ne8 14. Qh6 Ng7 15. Kh1
Be8 16. Rg1 f6 17. Nef3 Bd7 18. Rg3 f5 19. Rh3 Kf7 20. Ne5+ Ke8 21. Qxh7 Bf6 22.
Qxg6+ Ke7 23. Rh7 Be8 24. Rxg7+ Bxg7 25. Qxg7+ Rf7 26. Bg5+ Kd6 27. Nxf7+ 1-0

[Event "London Classic Open 2017"]
[Site "London ENG"]
[Date "2017.12.07"]
[Round "7.98"]
[White "Midhun, P U"]
[Black "Gu, In Jung"]
[Result "0-1"]
[WhiteElo "1956"]
[BlackElo "1664"]
[WhiteFideId "5074940"]
[BlackFideId "13200232"]
[EventDate "2017.12.02"]

1. d4 f5 2. g3 Nf6 3. Bg2 e6 4. c4 d5 5. Bf4 Bd6 6. e3 c6 7. Nd2 O-O 8. Ngf3
Bxf4 9. exf4 Nbd7 10. O-O Ne4 11. Re1 h6 12. Qc2 Qf6 13. Nxe4 fxe4 14. Ne5 g5
15. fxg5 hxg5 16. f3 Nxe5 17. dxe5 Qxe5 18. fxe4 d4 19. c5 Bd7 20. Rad1 Be8 21.
Rd3 Bh5 22. Qa4 Qxc5 23. Qxd4 Qxd4+ 24. Rxd4 Rad8 25. Ra4 Rd2 26. Rf1 Rxf1+ 27.
Bxf1 Rxb2 28. Rxa7 Bf3 29. Bc4 Kf7 30. Bb3 Kf6 31. Rxb7 Ke5 32. Re7 Kd4 33. Rxe6
Ke3 34. Bc4 Rg2+ 35. Kf1 Rxh2 36. Kg1 Rh1# 0-1

[Event "London Classic Open 2017"]
[Site "London ENG"]
[Date "2017.12.07"]
[Round "7.99"]
[White "Crismann, Alessandro Claudio"]
[Black "Ditmas, Hugh"]
[Result "0-1"]
[WhiteTitle "FM"]
[WhiteElo "1821"]
[BlackElo "2004"]
[WhiteFideId "14302870"]
[BlackFideId "1270666"]
[EventDate "2017.12.02"]

1. e4 c5 2. Nc3 Nc6 3. f4 g6 4. Nf3 Bg7 5. Bc4 e6 6. d3 Nge7 7. O-O O-O 8. Qe1
d5 9. Bb3 Na5 10. f5 Nxb3 11. axb3 exf5 12. Qh4 fxe4 13. dxe4 dxe4 14. Ng5 h6
15. Ngxe4 Nf5 16. Qh3 Ne3 17. Qg3 Nxf1 18. Kxf1 Bf5 19. Bf4 Bxe4 20. Nxe4 Re8
21. Nd6 Re6 22. Rd1 Qf6 23. Rd3 Qxb2 24. Qf3 f5 25. Nxb7 Rae8 26. Rd1 Qxc2 27.
Nd6 Rd8 28. Rd2 Qb1+ 29. Rd1 Qa2 30. Qd3 Bd4 31. Rd2 Qa1+ 32. Rd1 Qc3 33. Nb7
Re1+ 0-1

[Event "London Classic Open 2017"]
[Site "London ENG"]
[Date "2017.12.07"]
[Round "7.100"]
[White "Campos Chacon, Marco"]
[Black "Mugalu, Hassan"]
[Result "0-1"]
[WhiteElo "2040"]
[BlackElo "1798"]
[WhiteFideId "32029217"]
[BlackFideId "451533"]
[EventDate "2017.12.02"]

1. e4 c6 2. d4 d5 3. f3 g6 4. Nc3 Bg7 5. Be3 dxe4 6. fxe4 Qb6 7. Qd2 Qxb2 8. Rb1
Qa3 9. Nf3 Nf6 10. Bc4 O-O 11. e5 Ng4 12. Bf4 b5 13. Bb3 Qa5 14. O-O a6 15. h3
c5 16. dxc5 Rd8 17. Qe1 Nh6 18. g4 Bb7 19. Qe3 Kh8 20. Bxh6 Bxh6 21. Qxh6 Qxc3
22. Bxf7 Be4 23. Rb3 Qxc5+ 24. Rf2 Rd1+ 25. Kh2 Nc6 26. Kg3 Nxe5 27. Ng5 Rg1+
28. Kf4 Qxf2+ 29. Kxe5 Qf6+ 30. Kxe4 Re1+ 31. Re3 Qc6+ 32. Kf4 Qd6+ 33. Kf3 Qd1+
34. Kf4 e5+ 35. Rxe5 Qd4+ 36. Re4 Qf6+ 37. Kg3 Rg1+ 0-1

[Event "London Classic Open 2017"]
[Site "London ENG"]
[Date "2017.12.07"]
[Round "7.101"]
[White "Myall, Ivan J"]
[Black "De Paolis, Fabrizio"]
[Result "1-0"]
[WhiteElo "2001"]
[BlackElo "1763"]
[WhiteFideId "425168"]
[BlackFideId "822027"]
[EventDate "2017.12.02"]

1. e4 c6 2. d4 d5 3. e5 c5 4. dxc5 e6 5. a3 Bxc5 6. b4 Bb6 7. Nf3 Nc6 8. Bb2 f6
9. Bd3 fxe5 10. O-O Nf6 11. Nxe5 O-O 12. Nxc6 bxc6 13. Qe2 Qe7 14. Nd2 Bd7 15.
Nf3 a5 16. bxa5 Bxa5 17. Ne5 Be8 18. Kh1 Rb8 19. c4 Rb3 20. Qc2 Qb7 21. Bd4 Bc7
22. f4 Bd6 23. c5 Be7 24. Rf3 Rxd3 25. Rxd3 Ne4 26. Rb3 Qa7 27. Rf1 Bxc5 28.
Bxc5 Nxc5 29. Qf2 Qa6 30. Rf3 Ne4 31. Qh4 Nd2 32. Rg1 Nxf3 33. gxf3 Kh8 34. Qe7
Rg8 35. Qxe6 d4 36. f5 Bh5 37. f6 Qc8 38. fxg7+ Rxg7 39. Qxc8+ 1-0

[Event "London Classic Open 2017"]
[Site "London ENG"]
[Date "2017.12.07"]
[Round "7.102"]
[White "Fernandez Aransay, Fernando"]
[Black "Edwards, Simon R"]
[Result "1/2-1/2"]
[WhiteElo "1838"]
[BlackElo "1966"]
[WhiteFideId "2216280"]
[BlackFideId "406821"]
[EventDate "2017.12.02"]

1. e4 c5 2. Nf3 g6 3. d4 cxd4 4. Nxd4 Bg7 5. Nc3 Nc6 6. Be3 Nf6 7. Bc4 Qa5 8.
O-O O-O 9. Bb3 a6 10. Re1 d6 11. h3 Bd7 12. Nd5 Nxd5 13. exd5 Nxd4 14. Bxd4 Rfe8
15. c3 Rac8 16. h4 Bxd4 17. Qxd4 Qc5 18. Qd1 b5 19. a3 e5 20. dxe6 Bxe6 21. Bxe6
fxe6 22. h5 Rf8 23. Qd2 Rf6 24. hxg6 Rxg6 1/2-1/2